Todos los encantamientos de Minecraft - Estadísticas

Estadísticas generales
  • Esta prueba ha sido intentada 276 veces
    275 desde el último reinicio
  • La puntuación promedio es 20 de 42
Estadísticas de respuestas
Hint Respuesta % Correcto
Armaduras Protección
91%
Herramientas / Armas Reparación
90%
Armaduras Caída de pluma
80%
Herramientas / Armas Eficiencia
80%
Herramientas / Armas Irrompibilidad
80%
Herramientas / Armas Filo
78%
Herramientas / Armas Fortuna
73%
Herramientas / Armas Fuego
70%
Armaduras Espinas
69%
Herramientas / Armas Toque de seda
68%
Armaduras Respiración
66%
Herramientas / Armas Aspecto ígneo
64%
Herramientas / Armas Infinidad
64%
Armaduras Protección contra el fuego
62%
Armaduras Protección contra proyectiles
59%
Herramientas / Armas Empuje
53%
Herramientas / Armas Lealtad
51%
Armaduras Protección contra explosiones
51%
Armaduras Afinidad acuática
49%
Herramientas / Armas Golpeo
46%
Armaduras Paso helado
46%
Herramientas / Armas Poder
46%
Herramientas / Armas Botín
40%
Armaduras Agilidad acuática
38%
Herramientas / Armas Suerte marina
38%
Herramientas / Armas Perdición de los artrópodos
36%
Herramientas / Armas Barrido
35%
Herramientas / Armas Multidisparo
34%
Herramientas / Armas Empalamiento
30%
Herramientas / Armas Maldición de desaparición
30%
Herramientas / Armas Conductividad
28%
Herramientas / Armas Perforación
28%
Herramientas / Armas Carga rápida
26%
Herramientas / Armas Retroceso
23%
Herramientas / Armas Maldición de ligamiento
22%
Herramientas / Armas Atracción
21%
Herramientas / Armas Densidad
21%
Herramientas / Armas Propulsión acuática
18%
Armaduras Sigilo veloz
18%
Armaduras Velocidad del alma
15%
Herramientas / Armas Fisura
9%
Herramientas / Armas Aeroimpulso
8%
No se encontraron pruebas coincidentes
Distribución de puntuación
Porcentaje de gente con cada puntuación
Porcentaje por número respondido
Historial de tus puntuaciones
No has intentado esta prueba desde el último reinicio